| 000 | 00737nam a22002297a 4500 | ||
|---|---|---|---|
| 005 | 20150225124431.0 | ||
| 008 | 140714b xxu||||| |||| 00| 0 Urdu d | ||
| 010 | _aUR-8681 | ||
| 020 | q | _c200.00 | |
| 020 | _c9789350732991 | ||
| 035 | _aU-7236 | ||
| 037 | _bDBAD/Pub. | ||
| 040 |
_aDPL _bUrdu |
||
| 082 | _a844 | ||
| 100 | _aمحمد محفو ظ الحسن | ||
| 245 |
_aنگا ر شا ت محفو ظ _cمحمد محفو ظ الحسن |
||
| 246 |
_aNigarshat-e-Mehfooz _bBy Mohd. Mehfooz ul Hassan |
||
| 260 |
_aد ھلی _bEducational Publishing House _c2014 |
||
| 270 |
_a3108,Vakeel Street,Kucha Pandit,Lal Kuan _b.Delhi _e110006 |
||
| 300 |
_a164ص _c22Cm (Hb) |
||
| 942 |
_2ddc _cUR _e _h844 _mم ح م |
||
| 999 |
_c91899 _d91899 |
||